Introduction to the theory of statistics (Record no. 570850)

000 -LEADER
fixed length control field 00489nam a22001697a 4500
003 - CONTROL NUMBER IDENTIFIER
control field CEME
005 - DATE AND TIME OF LATEST TRANSACTION
control field 20210628202736.0
008 - FIXED-LENGTH DATA ELEMENTS--GENERAL INFORMATION
fixed length control field 210120b xxu||||| |||| 00| 0 eng d
040 ## - CATALOGING SOURCE
Transcribing agency ceme
100 ## - MAIN ENTRY--PERSONAL NAME
Personal name Mood, Alexander .M , Graybill, Franklin .A ,Boes, Duane .C
9 (RLIN) 61376
245 ## - TITLE STATEMENT
Title Introduction to the theory of statistics
250 ## - EDITION STATEMENT
Edition statement 3RD
260 ## - PUBLICATION, DISTRIBUTION, ETC.
Place of publication, distribution, etc. RAWALPINDI
Name of publisher, distributor, etc. NATIONAL BOOK FOUNDATION
Date of publication, distribution, etc. 2007
300 ## - PHYSICAL DESCRIPTION
Extent XII,547 P
650 ## - SUBJECT ADDED ENTRY--TOPICAL TERM
Topical term or geographic name entry element THEORY OF STATISTICS
9 (RLIN) 61377
942 ## - ADDED ENTRY ELEMENTS (KOHA)
Koha item type Book
Source of classification or shelving scheme
Holdings
Withdrawn status Lost status Damaged status Not for loan Permanent Location Current Location Shelving location Date acquired Total Checkouts Barcode Date last seen Price effective from Koha item type
        College of Electrical & Mechanical Engineering (CEME) College of Electrical & Mechanical Engineering (CEME) General Stacks 07/20/2017 1 CEME-42434 06/28/2021 06/28/2021 Book
        College of Electrical & Mechanical Engineering (CEME) College of Electrical & Mechanical Engineering (CEME) General Stacks 07/20/2017   CEME-42435 06/28/2021 06/28/2021 Book
© 2023 Central Library, National University of Sciences and Technology. All Rights Reserved.